000 01377nam a2200349 i 4500
001 bg
100 1 _aKOLIBSKI, Marek
245 1 0 _aOdpowiedzi na pytania egzaminacyjne dla kandydatów na doradców podatkowych. :
_bpytania otwarte.
_nT. 7,
_pDział IV - VI /
_cMarek Kolibski, Aneta Wesołowska, Renata Zielonka ; Forum Doradców Podatkowych.
260 _aKraków :
_bFDP,
_c2004.
300 _a108 s. ;
_c30 cm.
650 9 _aCło
_xprawo
_zPolska
_ystan na 2004 r.
650 9 _aDewizy
_xprawo
_zPolska
_ystan na 2004 r.
650 9 _aDoradztwo podatkowe
_xprawo
_zPolska
_ystan na 2004 r.
650 9 _aEgzaminy zawodowe
650 9 _aPodatek
_xprawo
_zPolska
_ystan na 2004 r.
650 9 _aPodatek
_xprawo międzynarodowe
_ystan na 2004 r.
650 9 _aPostępowanie administracyjne
_zPolska
_ystan na 2004 r.
650 9 _aPrawo karne finansowe
_zPolska
_ystan na 2004 r.
655 _aĆwiczenia i zadania
700 1 _aWESOŁOWSKA, Aneta
700 1 _aZIELONKA, Renata
020 _a8389359308
020 _a8389359278 (t.7)
040 _cBPK
041 0 _apol
080 _a336.221.24:343::336:351.077.3:346.5/.6](438)(079)
920 _a83-89359-30-8
920 _a83-89359-27-8 (t.7)
942 _cKA
008 s pl f |000 0 pol
999 _c35111
_d35111
856 _uhttp://koha.tu.koszalin.pl/cgi-bin/koha/opac-detail.pl?biblionumber=35111
_yKatalog online BPK